| 000 | 01546nam a2200373 c 4500 | ||
|---|---|---|---|
| 999 |
_c28382 _d28382 |
||
| 003 | BLK | ||
| 005 | 20230630005236.0 | ||
| 008 | 180407b bul|||||r ||||||| ||bul|| | ||
| 010 | _aKNG00030976000 | ||
| 020 | _a954-625-188-7 | ||
| 040 | _aBLK | ||
| 041 |
_aBUL _cBUL |
||
| 080 |
_aБългарска литература _b821.163.2 _x-93-1 _z821.163.2-93-1 |
||
| 100 | 1 |
_aЦанков, Атанас Иванов _eпърви автор _9363727 |
|
| 139 |
_aЦанков, Атанас Иванов _bЦ 17 |
||
| 245 | 1 | 0 |
_aГорската аерогара _bПриказки в стихове _cАтанас Иванов Цанков; худож. Антонина Светославова Бабукчиева. |
| 257 | _aBGR | ||
| 260 |
_bФют _c2000 _fСофия : Д. Благоев _aСофия |
||
| 300 |
_a16 с. _bс ил. _c27 см |
||
| 380 | _aDX | ||
| 490 |
_aПоредица Във вълшебната гора _9201161 |
||
| 500 | _aКор. опис. - Авт. не е означен на кор. - Офс. изд. - 8 000 тир. | ||
| 653 | _aприказки | ||
| 653 | _aлитература за деца | ||
| 653 | _aдетска литература | ||
| 700 |
_aБабукчиева, Антонина Светославова _d1961 - _9363803 |
||
| 852 | _aЦб ІІ 10712 | ||
| 856 | 4 | _qpdf | |
| 856 | 4 | _qpdf | |
| 942 |
_cKNG _n0 _06 _s1 |
||
| 944 |
_aCR _c28.01.2003 _lф / _kЛюдмила_Стоянова |
||
| 944 |
_aED _c16.07.2017 _lф / _kВиолета_Тройчева |
||
| 999 | _d28382 | ||